Hauptstädte an einer internationalen Grenze - Statistiken

Allgemein
  • Dieses Quiz wurde 48 mal gespielt
  • Das Durchschnittsergebnis liegt bei 11 aus 17
Antwortstatistiken
Nachbarland Hauptstadt % Korrekt
Vatikanstadt Rom
96%
Italien San Marino
89%
Schweiz Vaduz
89%
Italien Vatikanstadt
89%
Spanien Andorra la Vella
87%
Österreich, Ungarn Bratislava
87%
Frankreich Monaco
85%
Republik Kongo Kinshasa
70%
Malaysia, Indonesien Singapur
67%
Demokratische Republik Kongo Brazzaville
65%
Argentinien Asunción
59%
Thailand Vientiane
39%
Ghana Lomé
37%
Südafrika Maseru
33%
Südafrika Gaborone
30%
Kamerun N’Djamena
28%
Demokratische Republik Kongo Bangui
26%
Keine übereinstimmenden Quizze gefunden
Verteilung der Resultate
Anzahl Personen mit jedem Resultat
Perzentil nach korrekt beantworteten Fragen
Ihre Resultats-Entwicklung
Sie haben dieses Quiz noch nicht gespielt